|
|
|
|
| LEADER |
00000nam0a2200000 4500 |
| 001 |
78535 |
| 005 |
20231031093859.0 |
| 010 |
|
|
|a 5893497635
|
| 010 |
|
|
|a 5-89502-773-3
|
| 035 |
|
|
|a (RuTPU)RU\TPU\book\84188
|
| 090 |
|
|
|a 78535
|
| 100 |
|
|
|a 20050627d2005 m y0rusy50 ca
|
| 101 |
0 |
|
|a rus
|
| 102 |
|
|
|a RU
|
| 105 |
|
|
|a y j 001zy
|
| 200 |
1 |
|
|a История мировых религий
|e учебное пособие
|f А. А. Горелов
|g Российская академия наук; Московский психолого-социальный институт (МПСИ)
|
| 210 |
|
|
|a Москва
|c Флинта
|c МПСИ
|d 2005
|
| 215 |
|
|
|a 356 с.
|
| 320 |
|
|
|a Библиогр.: с. 356
|
| 610 |
1 |
|
|a религия
|
| 610 |
1 |
|
|a история
|
| 610 |
1 |
|
|a мировые религии
|
| 610 |
1 |
|
|a мистика
|
| 610 |
1 |
|
|a мифология
|
| 610 |
1 |
|
|a древние религии
|
| 610 |
1 |
|
|a Египет
|
| 610 |
1 |
|
|a Шумер
|
| 610 |
1 |
|
|a Вавилон
|
| 610 |
1 |
|
|a зороастризм
|
| 610 |
1 |
|
|a даосизм
|
| 610 |
1 |
|
|a конфуцианство
|
| 610 |
1 |
|
|a маоизм
|
| 610 |
1 |
|
|a Индия
|
| 610 |
1 |
|
|a ведическая религия
|
| 610 |
1 |
|
|a брахманизм
|
| 610 |
1 |
|
|a джайнизм
|
| 610 |
1 |
|
|a индуизм
|
| 610 |
1 |
|
|a сикхизм
|
| 610 |
1 |
|
|a буддизм
|
| 610 |
1 |
|
|a иудаизм
|
| 610 |
1 |
|
|a христианство
|
| 610 |
1 |
|
|a религиозная философия
|
| 610 |
1 |
|
|a православие
|
| 610 |
1 |
|
|a ислам
|
| 610 |
1 |
|
|a учебные пособия
|
| 686 |
|
|
|a Э23я73
|v LBC/SL-A
|2 rubbk
|
| 686 |
|
|
|a Э3я73
|v LBC/SL-A
|2 rubbk
|
| 700 |
|
1 |
|a Горелов
|b А. А.
|g Анатолий Алексеевич
|
| 712 |
0 |
2 |
|a Российская академия наук
|2 stltpush
|3 (RuTPU)RU\TPU\col\51
|
| 712 |
0 |
2 |
|a Московский психолого-социальный институт (МПСИ)
|2 stltpush
|3 (RuTPU)RU\TPU\col\10702
|
| 801 |
|
1 |
|a RU
|b 63413507
|c 20050627
|g PSBO
|
| 801 |
|
2 |
|a RU
|b 63413507
|c 20150817
|g PSBO
|
| 900 |
|
|
|a Религиозные отношения и социальная практика
|
| 900 |
|
|
|a История религии, атеизма, свободомыслия
|
| 900 |
|
|
|a Религиоведение
|
| 942 |
|
|
|c BK
|
| 954 |
|
|
|b 030000
|
| 959 |
|
|
|a 53/20050505
|d 2
|e 0
|f ЧЗГЛ:2
|
| 959 |
|
|
|a 18/20060226
|d 2
|e 174,35
|f АНЛ:1
|f ЧЗГЛ:1
|